000
00314nam a22001337a 4500
008
170414b xxu||||| |||| 00| 0 eng d
020
_a
9780323074292
041
_a
eng
080
_2
10 RD
_a
618
100
_a
10
101
_a
SHM
245
_a
MATERNITY WOMENS HEALTH CARE
_c
LOWDERMILK.D.L
942
_2
udc
_c
BK
999
_c
10803
_d
10803